000
00162nam a22000857a 4500
082
_a
823
100
_a
ANAND PAI
245
_a
THE PANDIT AND THE MILKMAID
942
_c
BK
999
_c
8334
_d
8334